| 000 | 00749nam a2200241 a 4500 | ||
|---|---|---|---|
| 005 | 20240925064107.0 | ||
| 008 | 991125c1982 new 000 0 eng u | ||
| 020 | _a0202360296 | ||
| 035 | _aUPN01000007595 | ||
| 040 |
_aUPN _bspa _cUPN |
||
| 049 | _aCG | ||
| 050 | 4 |
_aBF723 P25 _bG32 1982 |
|
| 100 | 1 | _aGarbarino, James | |
| 245 | 1 | 0 |
_aChildren and families in the social environment / _cJames Garbarino ; with Robert H. Abramowitz ... [et al.]. |
| 260 |
_aNew York : _bAldine, _c1982. |
||
| 300 | _a296 p. | ||
| 650 | 4 |
_aFamilias _xAspectos sociales _912049 |
|
| 650 | 4 |
_aNiño, Estudio del _9221 |
|
| 650 | 4 |
_aNiños _xBeneficencia, protección, etc. _925 |
|
| 700 | 1 |
_aAbramowitz, Robert H., _ecolab. |
|
| 905 | _aLibro | ||
| 942 |
_2lcc _cLIBRO |
||
| 999 |
_c7595 _d7595 |
||